| 000 | 02026nem0a2200385 4500 | ||
|---|---|---|---|
| 001 | RU\NLR\BIBL_A\011504074 | ||
| 005 | 20250626081307.0 | ||
| 035 | _a(NLR Aleph) 011504074 | ||
| 090 |
_a12010208 _c12010208 |
||
| 100 | _a20171020d1810 |||y0rusy50 ca | ||
| 101 | 0 | _arus | |
| 102 | _aRU | ||
| 120 | _abyy xx|| | ||
| 123 | 3 |
_aа _b5250000 _b24150000 |
|
| 135 | _acrcn 024anaba | ||
| 200 | 1 |
_aСокращенный атлас Российския империи по новейшему разделению на губернии и области _bКарты _fпополненный и вновь изданный от Главнаго правления училищ для употребления в уездных училищах |
|
| 206 | _a[М-бы разные, граф. м-б в вёрстах] | ||
| 210 |
_a[Санкт-Петербург _cДепартамент народного просвещения] _d1810 |
||
| 215 |
_a1 атл. (тит. л., 11 разв. л.) _cграв., раскраш. границы _d20х14 см |
||
| 325 | _aКопия доступна в Электрон. б-ке РНБ | ||
| 509 | 0 | 1 |
_7ca _aРоссия _92633381 _3RU\NLR\auth_crt\55199 |
| 518 | 1 | _aСокращённый атлас Российской империи | |
| 607 |
_aРоссия _jКарты _91287576 _3RU\NLR\AUTH\66531811 |
||
| 608 |
_aГеографические карты учебные _91412180 _3RU\NLR\AUTH\66283479 |
||
| 608 |
_aПолитико-административные карты _91527243 _3RU\NLR\AUTH\66966105 |
||
| 852 |
_aNLR _bК _j2-Росс 6/85 _m20180 _t18358 |
||
| 942 | _cMAP | ||
| 980 | _aNB | ||
| 980 | 3 | _akpmap | |
| 980 | 3 | _akp | |
| 981 | 1 | 9 | _a(19) Картографические материалы |